| 000 | 00357nam a2200133 a 4500 | ||
|---|---|---|---|
| 005 | 20140414131914.0 | ||
| 008 | 100915s19uu xx 00 eng d | ||
| 050 |
_aFIC _bOs1 1998 |
||
| 100 | _aOsborne, Mary Pope | ||
| 245 |
_aHour of the olympics : _bBook 16. |
||
| 260 |
_aNew York : _bScholastic , _c1998. |
||
| 440 | _aMagic Tree House | ||
| 999 |
_c111389 _d111389 |
||